000 00436nam a2200157 i 4500
001 36516
003 ES-MaACL
005 20230906155402.0
007 t|
008 030218s1907 fr ||||1| fre d
100 1 _aBruyssel, Ernest van.
_932243
245 1 3 _aLa vie sociale et ses évolutions /
_cErnest van Bruyssel.
260 _aParis :
_bFlammarion,
_c1907 (
_fHemmerte)
300 _a396 p. ;
_c19 cm.
852 _aES-MaACL
_jF-6159
999 _c36516
_d36516